00622nam a22001931i 450000100060000001000180000610000410002410100080006520000820007321500230015530000490017870000260022770200260025321000550027922500190033441000190035322500280037241100280040019569 a9789722712071 a20170304u u u0frey50 ba0 apor1 fEudoro de SousaaHorizonte e complementaridade sempre o mesmo acerca do mesmo a387, [5] p.d24 cm aOferta de Imprensa Nacional - Casa da Moeda  1aSousabEudoro de4070 1aBastosbFernando4080 cImprensa Nacional-Casa da MoedaaLisboadD.L. 20022 aEstudos gerais 0tEstudos gerais2 iSérie universitária 0tSérie universitária